000
00255nam a2200109Ia 4500
005
20251222114346.0
008
251222s1900||||xx |||||||||||||| ||spa||
082
_a
DVD0070/L33/1956
245
0
_a
Doctor Zhivago
264
_b
Metro-Goldwyn-Mayer
942
_c
DVD
999
_c
1065
_d
1065